[Event "Corus"]
[Site "Wijk aan Zee"]
[Date "2010.01.19"]
[Round "4"]
[White "Carlsen, Magnus"]
[Black "Short, Nigel D"]
[Result "1/2-1/2"]
[WhiteElo "2810"]
[BlackElo "2696"]
[Annotator "Marin,Mihail"]
[PlyCount "93"]
[EventDate "2010.01.16"]
[EventType "tourn"]
[EventRounds "13"]
[EventCountry "NED"]
[EventCategory "19"]
[SourceTitle "CBM 135"]
[Source "ChessBase"]
[SourceDate "2010.03.17"]
[SourceVersion "1"]
[SourceVersionDate "2010.03.17"]
[SourceQuality "1"]

1. e4 d5 2. exd5 Nf6 3. d4 Bg4 4. Nf3 ({Carlsen does not feel prepared for the unclear complications arising after} 4. f3 Bf5 5. Bb5+ Nbd7 6. c4 e6 {, see for instance Finkel,A (2467)-Gershon,A (2502)/Ramat Aviv/Modiin 2000/CBM 081/[Finkel,A] (1-0, 34)}) 4... Nxd5 5. h3 {After this move, the queen will get on an active position, although in some lines it will also stand in the way of its own bishops.} (5. Be2 {looks more flexible, but also less ambitious, see for instance Anand,V (2720)-Kamsky,G (2695)/Sanghi Nagar 1994/CBM 042/[Ftacnik] (0-1, 75)}) 5... Bxf3 6. Qxf3 c6 7. Be2 {Definitely, this does not look like a harmonious way of developing, with the bishop behind the queen. However, the alternatives tend to offer less.} (7. Bd3 g6 8. O-O Bg7 {more or less forces the passive} 9. c3 {, when Black's position is relatively safe after} O-O) (7. Bc4 g6 {leaves the d5-knight stable, at least temporarily.}) (7. c3 {consolidates the centre, but delays the development.} Nd7 (7... g6 {also looks OK}) 8. Nd2 e5 $132 {Szabo,K (2489)-Varga,Z (2481)/Budapest 2009/CBM 132 Extra (0-1, 51)}) ({RR} 7. c3 Nd7 8. Nd2 e5 9. dxe5 Nxe5 10. Qe4 Qe7 11. Nc4 Nxc4 12. Qxe7+ Bxe7 13. Bxc4 Rd8 14. O-O O-O 15. Rd1 Nb6 16. Bb3 Rxd1+ 17. Bxd1 Rd8 18. Bb3 c5 19. Kf1 h6 20. g3 Bg5 21. f4 Be7 {Szabo,K (2489)-Varga,Z (2481) Budapest 2009 0-1 (51)}) ({RR} 7. c4 Nf6 8. Be3 e6 9. Nc3 Bb4 10. Rc1 Nbd7 11. g4 h6 12. h4 Qe7 13. g5 hxg5 14. hxg5 Rxh1 15. Qxh1 Ng4 16. Qh8+ Qf8 17. Qxf8+ Kxf8 18. Bd2 e5 19. Bh3 exd4 20. Bxg4 dxc3 21. bxc3 Re8+ {Buchenau,F (2205)-Pribelszky,B (2428) chess.com INT 2025 0-1 (48)}) 7... g6 8. O-O Bg7 9. Rd1 {This active way of defending the d4-pawn would not have been possible with the bishop on d3...} O-O $146 ({RR} 9... e6 10. c4 Ne7 11. Bg5 O-O 12. Nc3 h6 13. Bh4 g5 14. Bg3 Nf5 15. d5 Nxg3 16. Qxg3 cxd5 17. cxd5 Bxc3 18. Qxc3 exd5 19. Bf3 Nc6 20. Rxd5 Qe7 21. Re1 Qb4 22. Qxb4 Nxb4 23. Rb5 Nc2 24. Rd1 {Krakops,M (2230)-Krachler,G Werfen 1993 1-0}) 10. c4 {...while this move would been physically prevented by c4.} Nc7 $1 $146 {The only way to make the pressure against the d4-pawn effective. Among others, Black intends to break up the centre with a well timed ...e5. In the event of a pawn exchange, this would lead to a structure which has been discussed in the notes to the game Caruana-Tiviakov from the same tournament.} (10... Nb6 $6 {allows the natural development with} 11. Nc3 $1 e5 ({With the knight on b6,} 11... Bxd4 $2 {leads to trouble:} 12. c5 $1 Nc8 13. Bh6 Re8 14. Bc4 $18) 12. d5 $16 {Cayford,T-Hickmann,H/USA-ch1 sf corr 1972/Corr Nr. 1 (1-0, 20)}) 11. Qe4 $1 {Although moving with the queen for the second time before having even touched the queenside pieces looks unnatural, this is the best way to restore the coordination: the e2-bishop enjoys maximum mobility now. In concrete terms, White not only defends d4, but also prevents ...e5. The deviation from the natural way of developing is enabled by White's significant space advantage and mighty bishop pair.} ({The generally desirable} 11. Nc3 {is less effective than in the aforementioned game.} Bxd4 12. Bh6 e5 $5 13. Bxf8 Qxf8 $44 {[%cal Gc7e6,Gb8d7] Black is in total control of the dark squares and has excellent compensation for the exchange.}) (11. Be3 {has the abstract defect of developing the bishop before the knight, leaving the b2-square vulnerable:} e5 12. d5 (12. dxe5 Qe7 13. Nc3 Nd7 {looks OK for Black.}) 12... e4 $1 (12... cxd5 13. cxd5 e4 14. Qxe4 Bxb2 15. d6 Bxa1 16. Qxb7 $16) 13. Qxe4 Bxb2 14. dxc6 Nxc6 15. Rxd8 Raxd8 16. Na3 {The only way to keep fighting for the initiative.} Bxa1 17. Qb1 $1 Be5 18. Qxb7 Nd4 19. Bf1 Nce6 $13) 11... f5 $5 {This extravagant idea is the only way to dislodge the queen from its central location while maintaining the pressure against the d4-pawn. However, this specific way of carrying it out may be inaccurate.} ({After} 11... Ne6 $6 12. Be3 {it is already impossible to play ...f5-f4 under favourable circumstances:} Qc8 (12... Qd6 13. Nc3) 13. Nc3 f5 14. Qd3 f4 15. Bg4 h5 (15... fxe3 16. Qxe3 Rf5 17. d5) 16. Bxe6+ Qxe6 17. d5 $36) ({Black should probably have inserted the developing moves} 11... Nd7 12. Nc3 {The difference is that in some lines the queen's transfer to b3 is prevented.} f5 13. Qe3 (13. Qh4 Ne6 14. d5 Bf6 15. Qg3 Nd4 $13) 13... Qe8 {[%cal Ge7e5]} 14. f4 {(The same idea as in the game)} Rd8 15. Qf2 (15. b3 c5 $132) 15... Nf6 16. Be3 b5 $132 {[%csl Gd5,Ge4][%cal Gb5c4,Gb5b4]}) 12. Qe3 {White has to obstruct his other bishop.} (12. Qh4 {fails to keep the d4-square well defended:} Ne6 13. d5 (13. Bh6 $2 Nxd4 $17) (13. Be3 Bf6) (13. Nc3 Bf6 14. Qg3 Nxd4) 13... Bf6 14. Qg3 Nd4 $132) 12... Kh8 {There was no absolute need for this prophylactic move.} (12... Nd7 {looks better. White can deviate from the aforementioned line with} 13. Qb3 Rb8 14. Nc3 $14 {followed by f4 and, possibly, c5.}) 13. Nc3 ({Here, too} 13. Qb3 $5 {comes into consideration, especially since Black does not have ...b8 at his disposal.}) 13... Nd7 14. b3 {White is just a few steps away from restoring the absolute harmony of his position with b2, d2, ad1.} (14. d5 {is premature:} Qe8 15. Qg3 e5 16. Bg5 ({After} 16. d6 Ne6 {[%csl Gc5] White cannot connect his pawns with c5.}) 16... Qf7 $13 {White's central pawn looks threatening, but the force of Black's duo should not be underestimated.}) 14... Qe8 15. f4 $1 {Short may have underestimated this move during the planning of the previous phase of the game. Suddenly, Black is left without adequate counterplay.} (15. Bb2 e5 16. d5 e4 $132) (15. Ba3 Rf7 16. Rd2 e5 $132) 15... Qf7 16. Bb2 Rad8 17. Bf3 Bf6 18. Rd2 Qg7 19. Rad1 g5 {The only way to question White's strategic supremacy, but this creates new weaknesses as well.} 20. Ne2 $1 {[%cal Ge2g3]} Rg8 21. Kf1 $5 {Preventively evacuating the dark squares. The king would have been less safe on h1 because of the possible ...g4.} h6 22. Ng3 Qg6 23. Qd3 $6 {Allowing Black unexpected counterplay.} (23. Nh5 g4 24. hxg4 fxg4 25. Nxf6 $16) 23... gxf4 24. Nh5 Nc5 25. Qc2 Ne4 26. Re2 (26. Bxe4 Qxh5 27. Bxf5 f3 $132) 26... Ng3+ 27. Nxg3 fxg3 $13 {White retains the more compact position, but is a pawn down and his king may become vulnerable.} 28. d5 cxd5 29. cxd5 Bxb2 30. Qxb2+ Qg7 31. Qc1 Rd7 32. Rde1 Rf8 33. Re5 Nb5 34. Qc5 Nd6 35. Qxa7 Ne4 36. Qd4 e6 37. Rd1 exd5 38. Rxd5 Rxd5 39. Qxg7+ Kxg7 40. Rxd5 Kf6 41. Bxe4 fxe4 42. Ke2 Ke6 43. Rd4 Rf2+ 44. Ke3 Rxg2 45. Rxe4+ Kd5 46. Rd4+ Ke5 47. Re4+ 1/2-1/2

[Event "Corus"]
[Site "Wijk aan Zee"]
[Date "2010.01.21"]
[Round "5"]
[White "Nakamura, Hikaru"]
[Black "Carlsen, Magnus"]
[Result "1/2-1/2"]
[WhiteElo "2708"]
[BlackElo "2810"]
[Annotator "Postny,Evgeny"]
[PlyCount "117"]
[EventDate "2010.01.16"]
[EventType "tourn"]
[EventRounds "13"]
[EventCountry "NED"]
[EventCategory "19"]
[SourceTitle "CBM 135"]
[Source "ChessBase"]
[SourceDate "2010.03.17"]
[SourceVersion "1"]
[SourceVersionDate "2010.03.17"]
[SourceQuality "1"]

1. e4 e5 2. Nf3 Nc6 3. Bb5 a6 4. Ba4 Nf6 5. Bxc6 {This line is considered as pretty harmless for Black and appears very rarely at the top level.} dxc6 6. d3 Bd6 7. Nbd2 Be6 8. O-O O-O 9. b3 Nd7 10. Bb2 b5 ({To my mind the plan with} 10... c5 11. Nc4 f6 {is more sound for Black. Later on he can perform the manoeuvre d7-b8-c6. The position is approximately equal.}) ({RR} 10... Qe7 11. d4 f6 12. dxe5 Nxe5 13. Nxe5 fxe5 14. Qe2 Qf7 15. f3 a5 16. a4 Rad8 17. Kh1 b6 18. Rad1 h6 19. Bc3 Kh7 20. Rfe1 Rfe8 21. Nf1 Qe7 22. Rd3 Bc8 23. Rd2 Bb4 24. Bxb4 Qxb4 25. Red1 {Rasulov,V (2489)-Ambartsumian,T (2244) chess.com INT 2025 1-0 (95)}) 11. d4 f6 12. h3 $146 ({RR} 12. c4 Bg4 13. Qc2 Qe8 14. c5 Be7 15. dxe5 Qh5 16. exf6 Bxf6 17. b4 Bxf3 18. Nxf3 Bxb2 19. Qxb2 Rxf3 20. gxf3 Ne5 21. Qb3+ Kh8 22. Kg2 Rf8 23. f4 Rxf4 24. f3 Rh4 25. Rh1 Qg5+ 26. Kf2 {0-1 (26) Hosticka,F (2185)-Zilka,S (2466) Nachod 2009}) 12... c5 $6 {This decision is also hard to approve. White is eager to push his pawn to d5 to seize space, and Black is assisting this.} (12... Qe8 {is a logical move, setting free the d8-square for the rook. Black gets sufficient compensation for the structural defects. For instance:} 13. dxe5 Nxe5 14. Nxe5 fxe5 15. Qe2 Qg6 $132) 13. d5 {Now White has a small, but stable advantage.} Bf7 14. a4 (14. c4 {is also good.}) 14... Nb6 15. c4 c6 $1 {Black must play this, the only real chance for any counterplay.} 16. Nh4 {Going for a kingside attack.} ({White could adopt a more positional plan as well:} 16. Qc2 cxd5 (16... Qc7 17. Rfc1 $14 {[%cal Gd2f1,Gf1e3]}) 17. cxd5 Qc7 18. Rfc1 $14 {[%cal Gf3e1,Ge1d3]}) 16... Re8 {I don't think Black should let the knight be established on f5 so easily.} (16... g6 17. Qg4 cxd5 $1 18. cxd5 Qd7 19. Nf5 Bxd5 (19... h5 20. Nh6+ Kg7 21. Qxd7 Nxd7 22. Nxf7 Kxf7 23. Rfc1 $14) 20. a5 Be6 21. axb6 Kh8 22. Qf3 gxf5 23. exf5 Bxf5 24. Rfd1 Qe6 {and Black survives.}) 17. Nf5 Bf8 18. Qg4 (18. Ne3 $14 {with the idea to forward the knight to d5.}) 18... Kh8 19. f4 ({An attempt to use the a-file doesn't yield White much:} 19. axb5 axb5 20. Rxa8 Qxa8 21. Ra1 Qb7 22. dxc6 Qxc6 23. Ra7 Bg6 24. Nh4 bxc4 25. bxc4 Nc8 26. Nxg6+ hxg6 {Black is just in time to save the g6 and he will be only slightly worse.}) 19... exf4 20. Qxf4 $6 {This gives Carlsen a chance to come back into the game.} (20. Rxf4 $1 {White's initiative is very dangerous. Here one sample spectacular line:} bxc4 21. bxc4 cxd5 22. cxd5 (22. exd5 Bg6 {followed by the manoeuvre b6-d7-e5 with mutual chances.}) 22... Rb8 23. Bc3 (23. Nh6 $2 Bg6 24. Qxg6 hxg6 25. Nf7+ Kg8 26. Nxd8 Rexd8 $11) 23... Qd7 $1 {The only chance for counterplay.} 24. a5 Na4 25. Bxf6 $1 gxf6 26. Qh4 Bg6 27. Qxf6+ Kg8 28. Rg4 c4 $1 29. Nxc4 Rxe4 $1 30. Rxg6+ $1 hxg6 31. Qxg6+ Kh8 32. Ncd6 Bxd6 33. Nxd6 Re7 34. Rf1 Rg7 35. Qh5+ Kg8 36. Nf5 Rxg2+ $1 37. Kxg2 Qxd5+ 38. Rf3 Rb2+ 39. Kg3 Qe5+ 40. Kh4 Rb4+ 41. Kg5 Nc5 42. Qg6+ Kf8 43. Qd6+ Qxd6 44. Nxd6+ Ke7 45. Nf5+ Kf7 {and Black should survive the endgame with a pawn down, thanks to the very reduced amount of material. Long variations like this normally have improvements along the way, but, undoubtedly, White should have recaptured with the rook.}) 20... bxc4 21. bxc4 cxd5 22. cxd5 Qb8 $1 {[%csl Rb2,Rf4] This is the main drawback of 20.xf4.} 23. Qh4 $5 (23. Bc3 Qxf4 24. Rxf4 {is already very little for White, so Nakamura is looking for more.}) 23... Nxd5 24. Rab1 Qb4 $1 (24... Nb4 25. Nh6 (25. Bxf6 gxf6 26. Qxf6+ Kg8 27. Rb3 Bg6 28. Rg3 Ra7 29. Rxg6+ hxg6 30. Qxg6+ Kh8 31. Nc4 Nd3 32. Ncd6 Bxd6 33. Nxd6 Rf8 34. Qh6+ Kg8 35. Qg5+ Kh8 36. Qh6+ Kg8 {White has no more than a perpetual check.}) 25... Ba2 26. Rxf6 Ra7 (26... Qd8 27. Qg5 gxf6 28. Bxf6+ Qxf6 29. Qxf6+ Bg7 30. Qh4 Bxb1 31. Nxb1 {with mutual chances, but a queen + knight is well-known as a dangerous duo, so Black has to be very careful.}) 27. Nf5 Kg8 28. Qg5 Bxb1 29. Nh6+ Kh8 30. Rf7 Rxf7 31. Nxf7+ Kg8 32. Nh6+ {with perpetual check.}) 25. Bc1 (25. Bxf6 $2 Qxd2 26. Rbd1 Qe2 27. Nxg7 Nxf6 28. Nxe8 Nxe8 29. Rd7 Nd6 30. Rxd6 Qe3+ 31. Kh1 Bg8 $17) 25... Qxa4 26. exd5 Qxh4 27. Nxh4 Bxd5 {The resulting position is approximately balanced. In an endgame like position normally three pawns overcome a knight, but here Black's pawns are not connected and he has to be careful not to lose all of them. On the other hand, White's knights don't have good outposts. With correct play this position should end in a draw.} 28. Ba3 Re3 29. Ra1 Rd3 30. Rfd1 {A somewhat strange move, the immediate 30.hf3 was called for.} a5 31. Nhf3 a4 32. Rdc1 Kg8 $6 (32... g6 $1 {[%cal Gf8h6] was a nice idea. Black is at least not worse.}) 33. Kf2 (33. Bxc5 Bxc5+ 34. Rxc5 a3 35. Kf2 Bf7 {with sufficient compensation for the piece. A similar position arose in the game later.}) 33... c4 (33... Rc8 $2 34. Ke2 $1 $16 {[%csl Rd3]}) 34. Bxf8 Kxf8 35. Nxc4 Rb3 {Black has lost a pawn, but the position remains playable for him with strong tendencies for a peaceful result. White really can't get rid of the annoying a-pawn.} 36. Nfd2 Rb4 37. Ra3 Rc8 38. Rac3 Be6 39. Na3 Rd8 40. Nf3 Rb3 $1 {This exchange will take the passed pawn closer to the promotion square.} 41. Rxb3 axb3 $11 42. Rc6 Bd5 43. Rb6 Rc8 {White's pieces lack harmony, he can't win this.} 44. Nb5 Rc2+ 45. Kg3 h5 $1 46. Nbd4 Ra2 47. Ne6+ Kf7 48. Nf4 Be4 49. Rb4 (49. Rxb3 g5 50. Nxh5 (50. Nd3 h4+ 51. Nxh4 gxh4+ 52. Kxh4 $11) 50... Kg6 {trapping the knight with an inevitable draw.}) 49... h4+ 50. Kg4 b2 51. Nd2 Ba8 52. Nc4 (52. Nd3 $4 b1=Q 53. Nxb1 Rxg2+ 54. Kf4 (54. Kxh4 $2 Bf3 $1 $19 {[%csl Rh4][%cal Rg7g5]}) 54... Rg3 55. Rd4 g5+ 56. Kf5 Rf3+ 57. Kg4 Kg6 58. Nf4+ gxf4 {and suddenly Black is winning.}) 52... g5 53. Rxb2 {White has to give up the extra piece; the draw is inevitable.} (53. Nd3 $4 Ra4 $1 $19) 53... Rxb2 54. Nxb2 gxf4 55. Kxf4 Bxg2 56. Kg4 f5+ 57. Kxf5 Bxh3+ 58. Kg5 Be6 59. Kxh4 {A great fighting game!} 1/2-1/2

[Event "Corus"]
[Site "Wijk aan Zee"]
[Date "2010.01.22"]
[Round "6"]
[White "Anand, Viswanathan"]
[Black "Carlsen, Magnus"]
[Result "1/2-1/2"]
[WhiteElo "2790"]
[BlackElo "2810"]
[PlyCount "82"]
[EventDate "2010.01.16"]
[EventType "tourn"]
[EventRounds "13"]
[EventCountry "NED"]
[EventCategory "19"]
[SourceTitle "CBM 135"]
[Source "ChessBase"]
[SourceDate "2010.03.17"]
[SourceVersion "1"]
[SourceVersionDate "2010.03.17"]
[SourceQuality "1"]

1. e4 c5 2. Nf3 d6 3. d4 cxd4 4. Nxd4 Nf6 5. Nc3 g6 6. Be3 Bg7 7. f3 Nc6 8. Qd2 O-O 9. Bc4 Bd7 10. Bb3 Nxd4 11. Bxd4 b5 12. a4 b4 13. Nd5 Nxd5 14. exd5 Bxd4 15. Qxd4 Qa5 16. O-O ({RR} 16. h4 e5 17. dxe6 Bxe6 18. O-O-O Bxb3 19. cxb3 Rfe8 20. Kb1 Re2 21. Qxd6 Qf5+ 22. Ka2 Rxg2 23. h5 gxh5 24. Rd5 Qe6 25. Qxe6 fxe6 26. Rb5 Rf8 27. Rhxh5 Rxf3 28. Rxb4 Rf7 29. Re4 Rff2 30. Rxe6 Rxb2+ {Navara,D (2692)-Malakhov,V (2715) Sibenik 2009 1-0 (51)}) ({RR} 16. h4 Rac8 17. h5 Qc5 18. Qf4 Bf5 19. g4 Bxc2 20. Rc1 Bxb3 21. Rxc5 Rxc5 22. Qh6 Bc2 23. f4 Rxd5 24. hxg6 Rd1+ 25. Ke2 Rxh1 26. gxh7+ Bxh7 27. Qxh1 Rc8 28. f5 e6 29. f6 Kh8 30. Qh6 Rg8 {Sapenov,D (2429)-Ansat,A (2469) Almaty KAZ 2025 1-0 (43)}) 16... Rac8 17. Rfe1 Rfe8 18. Kh1 Qc5 $146 19. Qh4 {RR} Bf5 20. Re2 Rc7 21. Rae1 f6 22. Qf4 a5 23. h4 Bc8 24. Qd2 Kg7 25. Kh2 Ba6 26. Re4 h6 27. R1e3 Qb6 28. g4 Bc8 29. Qe2 Qa7 30. h5 gxh5 31. gxh5 Kh8 32. Rc4 Rxc4 33. Bxc4 Rg8 34. Qe1 {Rios Parra,A (2230)-Lopez Gonzalez,C (2008) Medellin 2022 ½-½ (42)} {RR} e5 35. dxe6 Qg7 36. Qf2 Qg5 37. Re4 d5 38. Rg4 Qe5+ 39. f4 Qxe6 40. Rxg8+ Qxg8 41. Be2 Qe6 {½-½ (42) Rios Parra,A (2230)-Lopez Gonzalez,C (2008) Medellin 2022} 1/2-1/2